000 00458nam a2200181Ia 4500
005 20250423095425.0
008 250422s9999 xx 000 0 und d
020 _a9781032277325
050 _aQL 364 .F76/
100 _aedited by Saleuddin, Saber
245 0 _aFrontiers in invertebrate physiology
260 _aBoca Raton
260 _bCPC Press
260 _c2024
300 _a729P.: ill.
650 _a Invertebrates--Physiology.
942 _cBK
999 _c30232
_d30232